Consultation on proposed amendments to The Marine Licensing (Fees) (Scotland) Regulations 2011 (Record no. 113217)

MARC details
000 -LEADER
fixed length control field 01041cad a22002415a 4500
001 - CONTROL NUMBER
control field E154889
008 - FIXED-LENGTH DATA ELEMENTS--GENERAL INFORMATION
fixed length control field 120130s2012 xxk f s000 0 eng d
020 ## - INTERNATIONAL STANDARD BOOK NUMBER
International Standard Book Number 9781780456454
035 ## - SYSTEM CONTROL NUMBER
System control number (Sirsi) u154889
041 0# - LANGUAGE CODE
Language code of text/sound track or separate title eng
110 2# - MAIN ENTRY--CORPORATE NAME
Corporate name or jurisdiction name as entry element Scotland
Subordinate unit Scottish Government
9 (RLIN) 5344
245 00 - TITLE STATEMENT
Title Consultation on proposed amendments to The Marine Licensing (Fees) (Scotland) Regulations 2011
Medium [electronic resource]
260 ## - PUBLICATION, DISTRIBUTION, ETC.
Place of publication, distribution, etc. Edinburgh
Name of publisher, distributor, etc. Scottish Government
Date of publication, distribution, etc. 2012
520 ## - SUMMARY, ETC.
Summary, etc. Seeks views on increases in fees for applications for marine licences for offshore renewable energy projects, including wave, wind and tidal. Deadline for comments is 16 April 2012.
590 ## - LOCAL NOTE (RLIN)
Local note KA
650 24 - SUBJECT ADDED ENTRY--TOPICAL TERM
Topical term or geographic name entry element MARINE (SCOTLAND) ACT 2010
650 24 - SUBJECT ADDED ENTRY--TOPICAL TERM
Topical term or geographic name entry element MARINE AND COASTAL ACCESS ACT 2009
650 24 - SUBJECT ADDED ENTRY--TOPICAL TERM
Topical term or geographic name entry element MARINE LICENSING (FEES) (SCOTLAND) REGULATIONS 2011
651 #4 - SUBJECT ADDED ENTRY--GEOGRAPHIC NAME
Geographic name Scotland
Chronological subdivision 1999-
690 ## - LOCAL SUBJECT ADDED ENTRY--TOPICAL TERM (OCLC, RLIN)
Topical term or geographic name as entry element Energy
9 (RLIN) 6237
856 40 - ELECTRONIC LOCATION AND ACCESS
Uniform Resource Identifier <a href="https://www.scotland.gov.uk/Resource/0038/00386383.pdf">https://www.scotland.gov.uk/Resource/0038/00386383.pdf</a>
Public note View the consultation free of charge at www.scotland.gov.uk
942 ## - ADDED ENTRY ELEMENTS (KOHA)
Suppress in OPAC 0
Holdings
Withdrawn status Lost status Source of classification or shelving scheme Damaged status Not for loan Home library Current library Shelving location Date acquired Total Checkouts Full call number Barcode Date last seen Copy number Price effective from Koha item type
    Dewey Decimal Classification     Virtual Virtual Online 30/01/2012   ONLINE PUBLICATION 154889-2001 06/08/2019 1 06/08/2019 Book